LIBRARY & INFORMATION CENTRE, KCAET, TAVANUR

ONLINE PUBLIC ACCESS CATALOGUE (OPAC)

Kanni Koith / (Record no. 12790)

MARC details
000 -LEADER
fixed length control field 00268cam a2200109ua 4500
082 ## - DEWEY DECIMAL CLASSIFICATION NUMBER
Classification number 894.8121
Item number VYL/KA
100 ## - MAIN ENTRY--AUTHOR NAME
Personal name Sreedharamenon, Vyloppilly .
245 ## - TITLE STATEMENT
Title Kanni Koith /
260 ## - PUBLICATION, DISTRIBUTION, ETC. (IMPRINT)
Place of publication Ernamkulam :
Name of publisher Kerala Mithram ,
Year of publication 1969.
300 ## - PHYSICAL DESCRIPTION
Number of Pages 70 ; .
942 ## - ADDED ENTRY ELEMENTS (KOHA)
Koha item type Books
Holdings
Withdrawn status Lost status Damaged status Home library Current library Date acquired Full call number Accession Number Koha item type Public note
Withdrawn     KAUAET Malayalam University 07/04/2012 894.8121 9012 Books Transferred to Malayalam University
free website counter